[Event "CN Seniori 2012"]
[Site "Sarata Monteoru"]
[Date "2012.02.13"]
[Round "4.34"]
[White "Mihalea, Stefan"]
[Black "Craciun, Ovidiu"]
[Result "0-1"]
[WhiteElo "1723"]
[BlackElo "2060"]
[PlyCount "104"]
[EventDate "2012.??.??"]

1. e4 c5 2. Nf3 Nc6 3. d4 cxd4 4. Nxd4 Nf6 5. Nc3 e5 6. Nb3 Bb4 7. Bd3 d5 8.
Bd2 Bxc3 9. Bxc3 dxe4 10. Bb5 Qe7 11. Qd2 O-O 12. Bxc6 bxc6 13. Bb4 Qd8 14.
Bxf8 Qxf8 15. O-O-O Bg4 16. Rde1 Rd8 17. Qc3 Qd6 18. Qc5 Qc7 19. Qa5 Qe7 20. f3
Rd5 21. Qc3 exf3 22. gxf3 Bf5 23. Nd4 exd4 24. Qxc6 Qd8 25. Re2 Rd6 26. Qc5 Be6
27. Qxa7 h6 28. Rd1 d3 29. cxd3 Rxd3 30. Red2 Rxd2 31. Rxd2 Nd5 32. a3 Qf6 33.
Qa8+ Kh7 34. Rxd5 Qxf3 35. Rd8 Qf4+ 36. Rd2 Qc4+ 37. Rc2 Qf1+ 38. Kd2 Qf2+ 39.
Kc3 Qe3+ 40. Kb4 Qb3+ 41. Ka5 Qxc2 42. Qb8 Qc5+ 43. Ka4 Bd7+ 44. Kb3 f5 45. Qd8
Be6+ 46. Ka4 Qc2+ 47. Ka5 Qxb2 48. Qd6 Qc3+ 49. Kb5 Qc4+ 50. Kb6 Qd5 51. Qe7
Bd7 52. Kc7 Qc6+ 0-1

[Event "CN Seniori 2012"]
[Site "Sarata Monteoru/Romania"]
[Date "2012.02.15"]
[Round "4.35"]
[White "Toma, Radu-Cristian"]
[Black "Costachi, Mihnea"]
[Result "1-0"]
[WhiteElo "2052"]
[BlackElo "1937"]
[PlyCount "63"]
[EventDate "2012.??.??"]

1. d4 Nf6 2. Nf3 g6 3. Nbd2 Bg7 4. e4 d6 5. Bd3 O-O 6. O-O Nc6 7. c3 Nd7 8. a4
e5 9. Nb3 Qe8 10. a5 a6 11. Re1 Kh8 12. Qc2 f6 13. Bd2 Ne7 14. c4 f5 15. Ng5
fxe4 16. Bxe4 Nf5 17. f4 h6 18. Nf3 Qd8 19. dxe5 dxe5 20. Bxf5 Rxf5 21. Nxe5
Nxe5 22. fxe5 Be6 23. Rad1 Qh4 24. Bc3 Raf8 25. Nd4 Rf2 26. Re2 Rxe2 27. Qxe2
Bg4 28. Nf3 Bxf3 29. gxf3 Rf5 30. e6 Bxc3 31. e7 Qg5+ 32. Kh1 1-0

[Event "CN Seniori 2012"]
[Site "Sarata Monteoru/Romania"]
[Date "2012.02.15"]
[Round "4.37"]
[White "Tiron, Lucian-Ilie"]
[Black "Dumitrascu, Cornel"]
[Result "0-1"]
[WhiteElo "1846"]
[BlackElo "2086"]
[PlyCount "108"]
[EventDate "2012.??.??"]

1. e4 e6 2. d4 c5 3. c3 a6 4. Nf3 d5 5. e5 Bd7 6. Be3 cxd4 7. cxd4 Be7 8. Nc3
f5 9. Qd2 Nc6 10. Be2 b5 11. b3 Rc8 12. O-O Bb4 13. Rac1 Qa5 14. Qd3 Ba3 15.
Rb1 Nge7 16. Bd2 Qb6 17. Bc1 Bb4 18. Bb2 Ng6 19. g3 O-O 20. a3 Be7 21. b4 Nh8
22. Na2 Be8 23. Nc1 f4 24. Qd2 Bg6 25. Bd3 fxg3 26. fxg3 Rf7 27. Kg2 Rcf8 28.
Bxg6 Nxg6 29. Nd3 a5 30. Nc5 axb4 31. axb4 Bxc5 32. bxc5 Qc7 33. Bc3 Rb8 34.
Bb4 Qc8 35. Ba5 Ra8 36. Bb6 b4 37. Ra1 Rxa1 38. Rxa1 h6 39. Ne1 Nge7 40. Nc2
Nf5 41. Nxb4 Nfxd4 42. Qb2 Nxb4 43. Qxd4 Nc2 44. Qc3 Nxa1 45. Qxa1 Qc6 46. Qd4
Rf8 47. Kh3 Ra8 48. Qf2 Ra4 49. Qf3 Re4 50. Qc3 Qb5 51. Qa1 Qe2 52. Bd8 Qg4+
53. Kg2 Re2+ 54. Kg1 Qh3 0-1

[Event "CN Seniori 2012"]
[Site "Sarata Monteoru/Romania"]
[Date "2012.02.15"]
[Round "4.39"]
[White "Deac, Bogdan-Daniel"]
[Black "Jugaru, Lucian"]
[Result "1-0"]
[WhiteElo "1795"]
[BlackElo "2013"]
[PlyCount "107"]
[EventDate "2012.??.??"]

1. d4 Nf6 2. c4 g6 3. Nc3 Bg7 4. e4 d6 5. Nf3 O-O 6. Be2 e5 7. O-O Nc6 8. d5
Ne7 9. Ne1 a5 10. Nd3 Nd7 11. Be3 b6 12. Rc1 f5 13. exf5 Nxf5 14. Qd2 Nxe3 15.
Qxe3 Nf6 16. f3 a4 17. Nf2 Bd7 18. g3 Rf7 19. Ng4 Qf8 20. Rce1 Ne8 21. Ne4 h5
22. Ngf2 Bh6 23. Ng5 Ng7 24. Nfe4 Nf5 25. Qd3 Re7 26. Bd1 Qg7 27. g4 Nd4 28. f4
Bxg5 29. fxg5 Kh8 30. Nf6 Rf7 31. gxh5 Bf5 32. Qg3 Rxf6 33. gxf6 Qxf6 34. Re4
Rg8 35. hxg6 Rxg6 36. Rg4 Qg7 37. Rxg6 Qxg6 38. Qxg6 Bxg6 39. Bxa4 Ne2+ 40. Kf2
Nf4 41. Ke3 Kg7 42. Bb5 Nd3 43. b3 Nb4 44. a4 Nc2+ 45. Kd2 Nd4 46. b4 e4 47.
Kc3 Ne2+ 48. Kb2 Nd4 49. a5 bxa5 50. bxa5 e3 51. Re1 Nxb5 52. cxb5 Be4 53. Rxe3
Bxd5 54. Re7+ 1-0

[Event "CN Seniori 2012"]
[Site "Sarata Monteoru/Romania"]
[Date "2012.02.15"]
[Round "4.40"]
[White "Adoamnei, Roxana"]
[Black "Vacar, Gligore"]
[Result "1-0"]
[WhiteElo "2005"]
[BlackElo "1788"]
[PlyCount "71"]
[EventDate "2012.??.??"]

1. d4 d5 2. Nf3 Bg4 3. Ne5 Bf5 4. c4 f6 5. Qa4+ Bd7 6. Nxd7 Qxd7 7. Qxd7+ Nxd7
8. cxd5 O-O-O 9. Nc3 Nb6 10. e4 e6 11. dxe6 Rxd4 12. Be3 Rd8 13. f4 g6 14. Rd1
Rxd1+ 15. Kxd1 Bg7 16. Nb5 a6 17. Nd6+ cxd6 18. Bxb6 Ne7 19. Bd3 d5 20. Ke2
dxe4 21. Rc1+ Nc6 22. Bxe4 Re8 23. f5 gxf5 24. Bxf5 Kb8 25. Rc4 Bf8 26. a3 Bd6
27. Rh4 Bc7 28. Bxc7+ Kxc7 29. Rxh7+ Kb6 30. Ke3 Ne7 31. g4 Nd5+ 32. Ke4 Nc7
33. e7 Kc6 34. Bg6 Rg8 35. Kf5 Kd7 36. e8=Q+ 1-0

[Event "CN Seniori 2012"]
[Site "Sarata Monteoru/Romania"]
[Date "2012.02.15"]
[Round "4.41"]
[White "Patrascu, Catalin-Lucian"]
[Black "Gheorghiu, Calin"]
[Result "0-1"]
[WhiteElo "1816"]
[BlackElo "2003"]
[PlyCount "88"]
[EventDate "2012.??.??"]

1. e4 c5 2. Nf3 d6 3. d4 cxd4 4. Nxd4 Nf6 5. Nc3 a6 6. Be3 e5 7. Nb3 Be6 8. f3
Be7 9. Be2 Qc7 10. O-O O-O 11. Nd5 Nxd5 12. exd5 Bf5 13. c4 Nd7 14. Nd2 a5 15.
Ne4 Bg6 16. Nc3 Nc5 17. b3 f5 18. f4 Bf6 19. fxe5 Bxe5 20. Bd4 Qe7 21. Re1 Rae8
22. Qd2 Qf6 23. Rad1 f4 24. Bxe5 Rxe5 25. Bg4 Nd3 26. Rxe5 Qxe5 27. Nb5 Re8 28.
Be6+ Kf8 29. Bf7 Bxf7 30. Qxd3 Bh5 31. Rf1 Be2 32. Qd4 Qxd4+ 33. Nxd4 Bxf1 34.
Kxf1 g5 35. Ne6+ Rxe6 36. dxe6 Ke7 37. Kf2 Kf6 38. Kf3 Kxe6 39. Ke4 Kf6 40. a3
Ke6 41. h4 Kf6 42. b4 axb4 43. axb4 b5 44. Kd4 Kf5 0-1

[Event "CN Seniori 2012"]
[Site "Sarata Monteoru/Romania"]
[Date "2012.02.15"]
[Round "4.42"]
[White "Olinici, Emanuel"]
[Black "Fulger, Ionut"]
[Result "1-0"]
[WhiteElo "1794"]
[BlackElo "1946"]
[PlyCount "66"]
[EventDate "2012.??.??"]

1. Nf3 g6 2. g3 Bg7 3. Bg2 Nf6 4. O-O c5 5. d4 O-O 6. c4 d6 7. Nc3 Nc6 8. d5
Nb4 9. a3 Na6 10. e4 e6 11. Bg5 h6 12. Bf4 exd5 13. cxd5 Nc7 14. a4 Bg4 15. Qb3
Rb8 16. e5 Nfe8 17. Rfe1 Bxf3 18. Bxf3 g5 19. e6 Qe7 20. Bd2 Be5 21. Bg4 Nf6
22. Bf5 Rfe8 23. Rxe5 fxe6 24. Bxe6+ Kg7 25. Re2 Nxe6 26. dxe6 Ng4 27. Nd5 Qf8
28. Bc3+ Kg8 29. Qc2 Ne5 30. Bxe5 dxe5 31. Qg6+ Qg7 32. Nf6+ Kh8 33. Qxg7+ Kxg7
1-0

[Event "CN Seniori 2012"]
[Site "Sarata Monteoru/Romania"]
[Date "2012.02.15"]
[Round "4.43"]
[White "Badelita, Beniamin"]
[Black "David, Dorian-Ciprian"]
[Result "0-1"]
[WhiteElo "1945"]
[BlackElo "1726"]
[PlyCount "50"]
[EventDate "2012.??.??"]

1. e4 a6 2. d4 b5 3. Nf3 Bb7 4. Bd3 e6 5. b3 Nf6 6. Nbd2 c5 7. c3 Nc6 8. O-O
cxd4 9. cxd4 Nb4 10. Bb1 Qc7 11. a3 Qc3 12. axb4 Qxa1 13. e5 Nd5 14. Ng5 h5 15.
Qf3 Qxd4 16. Qxf7+ Kd8 17. Ndf3 Qb6 18. Rd1 Kc7 19. Nd4 Be7 20. Ngxe6+ dxe6 21.
Bg5 Raf8 22. Nxe6+ Kb8 23. Nxf8 Rxf8 24. e6 Rxf7 25. exf7 Qe6 0-1

[Event "CN Seniori 2012"]
[Site "Sarata Monteoru/Romania"]
[Date "2012.02.15"]
[Round "4.44"]
[White "Rusu, Vasile"]
[Black "Neagu, Mihai-Cosmin"]
[Result "0-1"]
[WhiteElo "1760"]
[BlackElo "1918"]
[PlyCount "52"]
[EventDate "2012.??.??"]

1. d4 Nf6 2. c4 e6 3. Nf3 b6 4. g3 Bb7 5. Bg2 Be7 6. O-O O-O 7. Nc3 Ne4 8. Qc2
f5 9. Rd1 Nxc3 10. Qxc3 Bf6 11. Qb3 d6 12. a4 a5 13. h4 h6 14. Bf4 Qe7 15. Qa3
Na6 16. Bd2 Rab8 17. e3 c5 18. Bc3 Nb4 19. Rac1 Rbd8 20. Ne5 dxe5 21. dxe5 Bxg2
22. exf6 Qb7 23. fxg7 Rfe8 24. Bf6 Bh3 25. e4 Qxe4 26. f3 Qe2 0-1

[Event "CN Seniori 2012"]
[Site "Sarata Monteoru/Romania"]
[Date "2012.02.15"]
[Round "4.45"]
[White "Stoicescu, Horia"]
[Black "David, Bogdan-Emanuel"]
[Result "0-1"]
[WhiteElo "1909"]
[BlackElo "1667"]
[PlyCount "116"]
[EventDate "2012.??.??"]

1. e4 d6 2. d4 Nf6 3. Nc3 g6 4. Nf3 Bg7 5. Be2 c5 6. dxc5 Qa5 7. O-O Qxc5 8.
Be3 Qb4 9. a3 Qa5 10. Nd2 Nc6 11. Nc4 Qd8 12. f4 O-O 13. Bf3 Be6 14. Qe2 Rc8
15. Nd5 Nxd5 16. exd5 Nd4 17. Bxd4 Bxd4+ 18. Kh1 Bd7 19. c3 Bf6 20. Ne3 a6 21.
Rfe1 Re8 22. Rad1 Qc7 23. g4 Ba4 24. Rd2 Bb5 25. Qg2 Bh4 26. Rg1 Qb6 27. Nf5
Bf6 28. Nh6+ Kf8 29. g5 Bg7 30. Bg4 Rc7 31. Qh3 e6 32. Re1 exd5 33. Rxe8+ Kxe8
34. Ng8 Bc6 35. Nf6+ Bxf6 36. gxf6 d4+ 37. Bf3 dxc3 38. Re2+ Kd8 39. bxc3 Qb1+
40. Kg2 Qd1 41. Kf2 Bxf3 42. Qxf3 Qa4 43. Qe3 Qb5 44. Kg3 Qc6 45. c4 Rd7 46.
Qa7 Kc7 47. Re8 Qxc4 48. Qb8+ Kb6 49. Re7 Qd3+ 50. Kf2 Qd2+ 51. Kf3 Qd5+ 52.
Kf2 Qf5 53. Kg2 Qg4+ 54. Kh1 Qd1+ 55. Kg2 Rxe7 56. fxe7 Qe2+ 57. Kg3 Qe3+ 58.
Kg4 Qxe7 0-1

[Event "CN Seniori 2012"]
[Site "Sarata Monteoru/Romania"]
[Date "2012.02.15"]
[Round "4.46"]
[White "Ionita, Ioan"]
[Black "Scripcaru, George-Daniel"]
[Result "1-0"]
[WhiteElo "1720"]
[BlackElo "1907"]
[PlyCount "65"]
[EventDate "2012.??.??"]

1. e4 c5 2. Nf3 g6 3. d4 cxd4 4. Nxd4 Nc6 5. Be3 Bg7 6. Nc3 Nf6 7. f3 O-O 8.
Qd2 a5 9. Bc4 d5 10. exd5 Nb4 11. Nde2 Bf5 12. Rc1 Rc8 13. Bb3 a4 14. Bxa4
Nbxd5 15. Nxd5 Nxd5 16. c3 Nxe3 17. Qxe3 Qa5 18. Bb3 Rfe8 19. O-O e5 20. Ng3
Bd7 21. Ne4 Be6 22. Nd6 Bf8 23. Bxe6 Bxd6 24. b4 Rxc3 25. Bxf7+ Kxf7 26. Qxc3
Qa7+ 27. Kh1 Re6 28. Qb3 Qb6 29. a3 g5 30. Rce1 Ke7 31. Qe3 Qxe3 32. Rxe3 Kf6
33. g4 1-0

[Event "CN Seniori 2012"]
[Site "Sarata Monteoru/Romania"]
[Date "2012.02.15"]
[Round "4.47"]
[White "Mardan, Cristian"]
[Black "Motounu, Vlad-Stefan"]
[Result "0-1"]
[WhiteElo "1556"]
[BlackElo "1888"]
[PlyCount "94"]
[EventDate "2012.??.??"]

1. Nf3 Nf6 2. b3 d5 3. Bb2 c5 4. e3 a6 5. d4 Nc6 6. Be2 Bf5 7. Nbd2 Nb4 8. O-O
Bxc2 9. Qc1 Bd3 10. Bxd3 Nxd3 11. Qc3 Nxb2 12. Qxb2 e6 13. Rac1 b6 14. Ne5 Bd6
15. Nd3 Rc8 16. Rc2 O-O 17. Rfc1 Qe7 18. b4 c4 19. a3 a5 20. f3 Rc7 21. Nxc4
dxc4 22. Rxc4 Rxc4 23. Rxc4 axb4 24. axb4 Nd5 25. e4 b5 26. Rc6 Nxb4 27. Nxb4
Bxb4 28. Rb6 Rc8 29. Rxb5 Bc3 30. Rb8 Bxd4+ 31. Kf1 Bxb2 32. Rxc8+ Qf8 33.
Rxf8+ Kxf8 34. Ke2 Ke7 35. f4 f5 36. e5 Bc1 37. Kf3 h5 38. h4 Kd7 39. g3 Kc6
40. Ke2 Kd5 41. Kd3 Ba3 42. Ke3 Bb4 43. Ke2 Ke4 44. Kf2 Kd3 45. Kf3 Be1 46. Kg2
Ke2 47. Kh3 Kf3 0-1

[Event "CN Seniori 2012"]
[Site "Sarata Monteoru"]
[Date "2012.02.15"]
[Round "4.53"]
[White "Porfireanu, Serban"]
[Black "Baciu, Radu-George"]
[Result "0-1"]
[WhiteElo "1927"]
[BlackElo "1767"]
[PlyCount "80"]
[EventDate "2012.??.??"]

1. c4 Nf6 2. Nf3 e6 3. g3 d5 4. Bg2 b6 5. O-O Bb7 6. d4 g6 7. Nc3 Bg7 8. cxd5
Nxd5 9. Nxd5 Bxd5 10. Bf4 O-O 11. Qc2 Na6 12. a3 c5 13. Qa4 Qc8 14. Rac1 Qb7
15. Bd6 Rfd8 16. dxc5 Nxc5 17. Bxc5 bxc5 18. Rxc5 Qxb2 19. e4 Bb3 20. Qa6 Bf8
21. Rc7 Bd6 22. Rb7 Qa2 23. Qa5 Rac8 24. Qxa7 Bc5 25. Qa5 Bc4 26. Rc7 Rxc7 27.
Qxc7 Qxf2+ 28. Rxf2 Rd1+ 29. Bf1 Rxf1+ 30. Kg2 Rxf2+ 31. Kh3 Bf1+ 32. Kh4 g5+
33. Kxg5 Be3+ 34. Kg4 h5+ 35. Kxh5 Rxf3 36. Qc8+ Kh7 37. Qc7 Be2 38. Kh4 Kg6
39. Qe5 Rf2 40. h3 f6 0-1

[Event "CN Seniori 2012"]
[Site "Sarata Monteoru/Romania"]
[Date "2012.02.15"]
[Round "4.55"]
[White "Rusa, Antonio"]
[Black "Rosca, Grigore"]
[Result "1-0"]
[WhiteElo "1902"]
[BlackElo "1668"]
[PlyCount "129"]
[EventDate "2012.??.??"]

1. d4 Nf6 2. c4 e6 3. Nc3 Bb4 4. e3 O-O 5. Nf3 c5 6. Bd3 d5 7. a3 cxd4 8. axb4
dxc3 9. bxc3 dxc4 10. Bxc4 Qxd1+ 11. Kxd1 Ne4 12. Kc2 Nxf2 13. Rf1 Ne4 14. Nd4
Nd6 15. Bd3 e5 16. Nb5 Nxb5 17. Bxb5 Be6 18. Be2 e4 19. c4 Nc6 20. Ba3 Ne5 21.
Kc3 Rfc8 22. c5 a6 23. Kd4 Bg4 24. Bxg4 Nxg4 25. Rf4 Nf6 26. Bb2 Rc6 27. Kc4
b5+ 28. Kb3 Re8 29. Raf1 Ree6 30. g4 Rc7 31. Bxf6 gxf6 32. Rxf6 Kg7 33. Rxe6
fxe6 34. Rf4 e5 35. Rf5 Re7 36. h4 h6 37. Rf2 Rd7 38. Rc2 Kf6 39. c6 Rc7 40.
Rc5 Ke6 41. g5 hxg5 42. hxg5 Kd6 43. g6 Ke6 44. g7 Kf7 45. Rxe5 Kxg7 46. Rc5
Kf6 47. Kc3 Ke6 48. Kd4 Kd6 49. Kxe4 Re7+ 50. Kd4 Kc7 51. e4 Rh7 52. Rc1 Rh2
53. Kc5 Rh5+ 54. Kd4 Rh2 55. Rc3 Rb2 56. Kc5 Re2 57. Kd5 Rd2+ 58. Kc5 Re2 59.
Kd4 Rd2+ 60. Ke3 Rb2 61. Ra3 Kb6 62. Rc3 Kc7 63. e5 Rxb4 64. e6 Rc4 65. Rxc4
1-0

[Event "CN Seniori 2012"]
[Site "Sarata Monteoru"]
[Date "2012.02.15"]
[Round "4.57"]
[White "Balea, Dumitru-Lucian"]
[Black "Coman, Liviu"]
[Result "1/2-1/2"]
[WhiteElo "1490"]
[BlackElo "1794"]
[PlyCount "120"]
[EventDate "2012.??.??"]

1. d4 Nf6 2. Nc3 d5 3. Bg5 e6 4. Nf3 Be7 5. e3 Nbd7 6. Bd3 c5 7. O-O O-O 8. Re1
a6 9. a4 b6 10. b3 cxd4 11. exd4 h6 12. Bf4 Re8 13. Ne2 Bb7 14. c3 Rc8 15. Rc1
Ne4 16. Bxe4 dxe4 17. Ne5 Nxe5 18. Bxe5 Bg5 19. Bf4 f5 20. Qd2 Bf6 21. g3 Re7
22. Be3 Qe8 23. Nf4 g5 24. Ng2 Qh5 25. Qe2 Qh3 26. Qf1 Rg7 27. Red1 f4 28. Bd2
Rf8 29. Ne1 Qh5 30. Ng2 Qg4 31. Re1 h5 32. Ne3 fxe3 33. Bxe3 h4 34. Qg2 hxg3
35. fxg3 Qf3 36. Qxf3 exf3 37. Kf2 Rh7 38. Rh1 Rc8 39. h3 Kf7 40. g4 Rch8 41.
Kg3 e5 42. Rh2 Rc8 43. Rd2 Ke6 44. c4 exd4 45. Bxd4 Bxd4 46. Rxd4 Rc5 47. Rcd1
Rhc7 48. Rd6+ Ke7 49. Rxb6 R5c6 50. Re1+ Kf7 51. a5 Rxb6 52. axb6 Rc6 53. Re5
Rxb6 54. Rxg5 Rxb3 55. Rf5+ Kg6 56. h4 Rc3 57. h5+ Kg7 58. Rc5 Kh6 59. Rc7 Bd5
60. c5 Rc4 1/2-1/2

[Event "CN Seniori 2012"]
[Site "Sarata Monteoru"]
[Date "2012.02.15"]
[Round "4.58"]
[White "Andrei, Gheorghe"]
[Black "Baciu, Alexandru"]
[Result "1-0"]
[WhiteElo "1777"]
[BlackElo "1688"]
[PlyCount "53"]
[EventDate "2012.??.??"]

1. e4 c5 2. c3 d5 3. exd5 Qxd5 4. d4 Nc6 5. Nf3 Bg4 6. Be2 O-O-O 7. O-O e6 8.
Bf4 Nf6 9. Na3 Be7 10. Qa4 h6 11. h3 Bh5 12. Rfe1 g5 13. Bg3 Ne4 14. Bc4 Qf5
15. Bd3 Bxf3 16. gxf3 Nxc3 17. Qc2 Qxh3 18. bxc3 cxd4 19. Nc4 dxc3 20. Bf1 Qh5
21. Bg2 f5 22. Be5 Nxe5 23. Nxe5 Kb8 24. Qxc3 f4 25. Rab1 Rd6 26. Nc6+ Rxc6 27.
Qxc6 1-0

[Event "CN Seniori 2012"]
[Site "Sarata Monteoru/Romania"]
[Date "2012.02.15"]
[Round "4.59"]
[White "Zlatea, Cezar-Stelian"]
[Black "Pisu, Robert-Daniel"]
[Result "0-1"]
[WhiteElo "1679"]
[BlackElo "2037"]
[PlyCount "48"]
[EventDate "2012.??.??"]

1. e4 Nc6 2. d4 e5 3. dxe5 Nxe5 4. Bf4 Ng6 5. Bg3 h5 6. h3 Bc5 7. Nf3 h4 8. Bh2
Qf6 9. e5 Qb6 10. Qd2 Qxb2 11. Bc4 Qxa1 12. Qc1 Bb4+ 13. Ke2 Nh6 14. Rd1 O-O
15. Bb3 a5 16. Rd3 a4 17. Bc4 c6 18. Nxh4 Nxh4 19. Qg5 Qxb1 20. Qxh4 Qe1+ 21.
Kf3 b5 22. Re3 Qd1+ 23. Be2 Qd5+ 24. Kg3 Nf5+ 0-1

[Event "CN Seniori 2012"]
[Site "Sarata Monteoru"]
[Date "2012.02.15"]
[Round "4.60"]
[White "Chivulescu, Adrian-Alexandru"]
[Black "Nistor, Stefan"]
[Result "0-1"]
[WhiteElo "1545"]
[BlackElo "1707"]
[PlyCount "76"]
[EventDate "2012.??.??"]

1. e4 c5 2. Nf3 e6 3. d4 cxd4 4. Nxd4 a6 5. Nc3 Qc7 6. g3 Nf6 7. Bg2 Be7 8. O-O
d6 9. Re1 Nbd7 10. Be3 O-O 11. f4 Rb8 12. a4 Nb6 13. Bf2 Nc4 14. b3 Na5 15. Qd2
Ng4 16. Na2 Nxf2 17. Qxf2 Nc6 18. Nxc6 Qxc6 19. Kh1 Qc7 20. Rad1 b5 21. axb5
axb5 22. Nc1 Bb7 23. Nd3 Rbc8 24. Rd2 Rfd8 25. Qe3 h6 26. Rf2 d5 27. exd5 Bxd5
28. Bxd5 Rxd5 29. Qe4 Bf6 30. Qe2 Qb7 31. Qe4 Qb6 32. Rfe2 Rd4 33. Qf3 Rd6 34.
Qe4 Rdc6 35. Rc1 Qc7 36. Nb4 Rd6 37. Nd3 Rd4 38. Qg2 Rxd3 0-1

[Event "CN Seniori 2012"]
[Site "Sarata Monteoru/Romania"]
[Date "2012.02.16"]
[Round "5.1"]
[White "Szabo, Gergely-Andras-Gyul"]
[Black "Vajda, Levente"]
[Result "1/2-1/2"]
[WhiteElo "2554"]
[BlackElo "2594"]
[PlyCount "21"]
[EventDate "2012.??.??"]
[TimeControl "40/5400+30:900+30"]

1. e4 e5 2. Nf3 Nc6 3. Bb5 a6 4. Ba4 Nf6 5. O-O Be7 6. Re1 b5 7. Bb3 d6 8. c3
O-O 9. h3 Na5 10. Bc2 c5 11. d4 1/2-1/2

[Event "CN Seniori 2012"]
[Site "Sarata Monteoru/Romania"]
[Date "2012.02.16"]
[Round "5.2"]
[White "Lupulescu, Constantin"]
[Black "Georgescu, Tiberiu-Marian"]
[Result "1/2-1/2"]
[WhiteElo "2648"]
[BlackElo "2415"]
[PlyCount "59"]
[EventDate "2012.??.??"]
[TimeControl "40/5400+30:900+30"]

1. d4 Nf6 2. Nf3 d5 3. c4 e6 4. Nc3 Be7 5. Bg5 h6 6. Bxf6 Bxf6 7. e3 O-O 8. Rc1
b6 9. cxd5 exd5 10. b4 Be6 11. Be2 Qe7 12. b5 c6 13. O-O Rc8 14. Qb3 Qd8 15. a4
c5 16. Rfd1 c4 17. Qc2 a6 18. e4 axb5 19. axb5 dxe4 20. Qxe4 Ra3 21. d5 Bf5 22.
Qxf5 Bxc3 23. Qe4 Nd7 24. Bxc4 Nf6 25. Qe2 Qd6 26. Rc2 Re8 27. Qf1 Ng4 28. h3
Ne5 29. Be2 Bb4 30. Kh1 1/2-1/2

[Event "CN Seniori 2012"]
[Site "Sarata Monteoru/Romania"]
[Date "2012.02.16"]
[Round "5.3"]
[White "Nevednichy, Vladislav"]
[Black "Cioara, Andrei-Nestor"]
[Result "1-0"]
[WhiteElo "2546"]
[BlackElo "2456"]
[PlyCount "64"]
[EventDate "2012.??.??"]
[TimeControl "40/5400+30:900+30"]

1. e4 c6 2. d4 d5 3. e5 Bf5 4. Nf3 e6 5. Be2 Nd7 6. O-O Ne7 7. Nbd2 Nc8 8. a4
a6 9. c3 Be7 10. a5 O-O 11. Ne1 c5 12. f4 Bg6 13. g4 f5 14. Ng2 cxd4 15. cxd4
Bb4 16. Qa4 Qe7 17. Ne3 b5 18. Qb3 Na7 19. gxf5 Bxf5 20. Nxf5 Rxf5 21. Bg4 Rff8
22. Qh3 Rfe8 23. f5 exf5 24. Bxf5 Nf8 25. Qg2 Kh8 26. Kh1 Rad8 27. Nf3 Qc7 28.
Qh3 Nc6 29. Bxh7 Nxh7 30. Ng5 g6 31. Rf7 Qxf7 32. Nxf7+ Kg8 1-0

[Event "CN Seniori 2012"]
[Site "Sarata Monteoru/Romania"]
[Date "2012.02.16"]
[Round "5.4"]
[White "Petrisor, Adrian-Marian"]
[Black "Manolache, Marius"]
[Result "0-1"]
[WhiteElo "2385"]
[BlackElo "2552"]
[PlyCount "90"]
[EventDate "2012.??.??"]
[TimeControl "40/5400+30:900+30"]

1. e4 g6 2. d4 c6 3. Nc3 d6 4. Be3 Bg7 5. Qd2 b5 6. Bd3 Nd7 7. h4 Ngf6 8. f3
Nb6 9. Bh6 Bxh6 10. Qxh6 e5 11. dxe5 dxe5 12. a4 b4 13. Nd1 Be6 14. Ne3 a5 15.
Ne2 Qe7 16. b3 Qc5 17. Kf2 O-O-O 18. Rhd1 Kb7 19. Rac1 Nh5 20. g4 Nf6 21. Kg2
Rhe8 22. Nf1 Qe7 23. Rd2 Nfd7 24. Rcd1 Nc5 25. Nc1 Bc8 26. Be2 Ne6 27. Rxd8
Rxd8 28. Nd3 f6 29. Ng3 Kc7 30. Qe3 Ba6 31. Kf2 Bxd3 32. Rxd3 Nd4 33. Bd1 c5
34. c4 Nd7 35. Qh6 Nf8 36. Nf1 Nfe6 37. Ne3 Nf4 38. Rd2 Nf5 39. gxf5 Rxd2+ 40.
Ke1 Rd3 41. Nd5+ Nxd5 42. cxd5 gxf5 43. Qc1 Rc3 44. Qd2 fxe4 45. fxe4 Qg7 0-1

[Event "CN Seniori 2012"]
[Site "Sarata Monteoru/Romania"]
[Date "2012.02.16"]
[Round "5.5"]
[White "Doros, Radu-Marian"]
[Black "Parligras, Mircea-Emilian"]
[Result "1-0"]
[WhiteElo "2338"]
[BlackElo "2650"]
[PlyCount "108"]
[EventDate "2012.??.??"]
[TimeControl "40/5400+30:900+30"]

1. Nf3 g6 2. d4 Bg7 3. c4 d6 4. Nc3 Bg4 5. Bg5 c6 6. Qd2 d5 7. e3 Bxf3 8. gxf3
Nf6 9. e4 O-O 10. h4 Nbd7 11. O-O-O dxe4 12. fxe4 e5 13. d5 cxd5 14. exd5 h5
15. f4 Re8 16. f5 e4 17. fxg6 fxg6 18. Bh3 Ne5 19. Rhf1 Qb6 20. c5 Qa6 21. Be6+
Rxe6 22. dxe6 Qxe6 23. Qd6 Qxd6 24. Rxd6 Ne8 25. Rd5 Nc7 26. Rd6 Ne8 27. Rd5
Nc7 28. Rd8+ Rxd8 29. Bxd8 Ne6 30. Bf6 Nxc5 31. Bxg7 Kxg7 32. Kc2 a5 33. Nxe4
Nxe4 34. Re1 Kf6 35. Rxe4 Kf5 36. Rd4 Nf3 37. Ra4 b6 38. Kd3 Ne5+ 39. Ke3 b5
40. Rf4+ Ke6 41. b3 Kd5 42. Rf8 Nc6 43. Kf4 Nb4 44. a4 bxa4 45. bxa4 Nd3+ 46.
Kg5 Ne5 47. Rf4 Ke6 48. Rf6+ Ke7 49. Rf1 Ke6 50. Re1 Kd5 51. Kf6 Nd3 52. Rd1
Kc4 53. Kxg6 Nb2 54. Ra1 Kd5 1-0

[Event "CN Seniori 2012"]
[Site "Sarata Monteoru/Romania"]
[Date "2012.02.16"]
[Round "5.6"]
[White "Jianu, Vlad-Cristian"]
[Black "Posedaru, Bogdan"]
[Result "1-0"]
[WhiteElo "2508"]
[BlackElo "2337"]
[PlyCount "60"]
[EventDate "2012.??.??"]
[TimeControl "40/5400+30:900+30"]

1. c4 c6 2. e4 d5 3. exd5 cxd5 4. d4 Nf6 5. Nc3 e6 6. Nf3 Be7 7. Be2 O-O 8. O-O
dxc4 9. Bxc4 a6 10. Qe2 b5 11. Bb3 Bb7 12. Bg5 Nc6 13. Rad1 Nd5 14. Bc1 Na5 15.
Bc2 Rc8 16. Ne4 Qc7 17. Bb1 Nf4 18. Qe3 Ng6 19. b3 Nc6 20. h4 Nb4 21. h5 Nc2
22. Qd3 f5 23. Neg5 Bxg5 24. Nxg5 Nh4 25. Nxe6 Qe7 26. d5 Nb4 27. Qg3 Bxd5 28.
Nxf8 Bxg2 29. Rd7 Qxf8 30. Bb2 Qd8 1-0

[Event "CN Seniori 2012"]
[Site "Sarata Monteoru/Romania"]
[Date "2012.02.16"]
[Round "5.7"]
[White "Dragomirescu, Robin-Alexandru"]
[Black "Filip, Lucian"]
[Result "1/2-1/2"]
[WhiteElo "2340"]
[BlackElo "2490"]
[PlyCount "47"]
[EventDate "2012.??.??"]
[TimeControl "40/5400+30:900+30"]

1. e4 c5 2. Nf3 e6 3. d4 cxd4 4. Nxd4 Nc6 5. Nc3 Qc7 6. Be3 Nf6 7. f4 Nxd4 8.
Qxd4 b6 9. e5 Ng4 10. Bg1 Bc5 11. Nb5 Qc6 12. Qd2 O-O 13. O-O-O Ba6 14. Nd4
Bxd4 15. Bxd4 Bxf1 16. Rhxf1 Nxh2 17. Rh1 Ng4 18. Rh4 f5 19. exf6 Nxf6 20. g4
Qf3 21. Qh2 Nxg4 22. Rxh7 Nxh2 23. Rxg7+ Kh8 24. Rf7+ 1/2-1/2

[Event "CN Seniori 2012"]
[Site "Sarata Monteoru/Romania"]
[Date "2012.02.16"]
[Round "5.8"]
[White "Berescu, Alin-Mile"]
[Black "Voiteanu, Gabriel"]
[Result "1-0"]
[WhiteElo "2488"]
[BlackElo "2304"]
[PlyCount "89"]
[EventDate "2012.??.??"]
[TimeControl "40/5400+30:900+30"]

1. c4 Nf6 2. g3 g6 3. Bg2 Bg7 4. Nc3 e5 5. e4 O-O 6. Nge2 d6 7. d3 c6 8. O-O
Na6 9. h3 Nc7 10. d4 b5 11. c5 dxc5 12. dxe5 Nd7 13. f4 Nb6 14. Qc2 b4 15. Rd1
Qe7 16. Na4 Ba6 17. Bf1 Nxa4 18. Qxa4 Bb5 19. Qc2 Ne6 20. Be3 Rfd8 21. a4 Bxe2
22. Qxe2 Nd4 23. Qc4 Qe6 24. Qxe6 fxe6 25. Rac1 Nb3 26. Rb1 Nd4 27. Bc4 Kf7 28.
Kf2 g5 29. Rbc1 gxf4 30. gxf4 Ke7 31. Rg1 Bh6 32. Rg4 Rg8 33. Rcg1 Kf7 34. f5
Bxe3+ 35. Kxe3 Rxg4 36. hxg4 Kg7 37. Kf4 b3 38. g5 Rb8 39. g6 hxg6 40. Rxg6+
Kf7 41. Bxe6+ Nxe6+ 42. Rxe6 Rb6 43. Rh6 c4 44. e6+ Kg7 45. Kg5 1-0